Handbook for teachers of the elementary schools of Louisiana. (Record no. 21446)

MARC details
000 -LEADER
fixed length control field 00968cam a22002651 4500
001 - CONTROL NUMBER
control field e 35000269
003 - CONTROL NUMBER IDENTIFIER
control field DLC
005 - DATE AND TIME OF LATEST TRANSACTION
control field 20260227111225.0
008 - FIXED-LENGTH DATA ELEMENTS--GENERAL INFORMATION
fixed length control field 790724s1931 lau s000 0 eng c
010 ## - LIBRARY OF CONGRESS CONTROL NUMBER
LC control number e 35000269
035 ## - SYSTEM CONTROL NUMBER
System control number (OCoLC)5204892
040 ## - CATALOGING SOURCE
Original cataloging agency Library, U. S. Office of Education
Transcribing agency LU
Modifying agency OCoLC
-- DLC
042 ## - AUTHENTICATION CODE
Authentication code premarc
043 ## - GEOGRAPHIC AREA CODE
Geographic area code n-us-la
050 00 - LIBRARY OF CONGRESS CALL NUMBER
Classification number L154
Item number .B32 no. 208
110 1# - MAIN ENTRY--CORPORATE NAME
Corporate name or jurisdiction name as entry element Louisiana.
Subordinate unit Department of Education.
245 10 - TITLE STATEMENT
Title Handbook for teachers of the elementary schools of Louisiana.
Statement of responsibility, etc. Issued by the Department of education, 1931.
260 ## - PUBLICATION, DISTRIBUTION, ETC.
Place of publication, distribution, etc. [Baton Rouge,
Date of publication, distribution, etc. 1931]
300 ## - PHYSICAL DESCRIPTION
Extent 128 p.
Dimensions 23 cm.
490 0# - SERIES STATEMENT
Series statement Bulletin
Volume/sequential designation no. 208
500 ## - GENERAL NOTE
General note On cover: State department of education of Louisiana ... Issued by T. H. Harris, state superintendent of public education.
504 ## - BIBLIOGRAPHY, ETC. NOTE
Bibliography, etc. note Includes bibliographies.
504 ## - BIBLIOGRAPHY, ETC. NOTE
Bibliography, etc. note "List of elementary textbooks by grades": p. [121]-126.
650 #0 - SUBJECT ADDED ENTRY--TOPICAL TERM
Topical term or geographic name entry element Education
Geographic subdivision Louisiana
General subdivision Curricula.

No items available.

Powered by Koha